000
00310nam a2200121Ia 4500
005
20251222144841.0
008
251222s9999||||xx |||||||||||||| ||spa||
082
_a
331.880.9/P26
100
_a
Parodi, Jorge
245
0
_a
Ser Obrero es algo Relativo:
264
_b
Instituto de Estudios Peruanos
942
_c
LIB
999
_c
21220
_d
21220